000 01443cam a2200325 i 4500
001 24635
003 Mx-PuUPA
005 20250526113103.0
008 140415s2010 mx gr 001 0 spa d
020 _a9786077592334
040 _aMx-PuUPA
_bspa
_cMx-PuUPA
_dMx-PuUPA
_erda
041 0 _aspa
043 _an-mx---
100 1 _aMendoza Delgado, José Enrique,
_917096
_eautor
245 1 0 _aHacia una nueva laicidad :
_buna oportunidad para México /
_cJosé Enrique Mendoza Delgado
264 1 _aMéxico, D. F. :
_bCentro Nacional para el Desarrollo Integral ;
_bInstituto Mexicano de Doctrina Social Cristiana,
_c©2010
300 _a420 páginas ;
_c21 cm
336 _2rdacontent
_atexto
_btxt
337 _2rdamedia
_asin medio
_bn
338 _2rdacarrier
_avolumen
_bnc
500 _aContiene 1 disco compacto (4 3/4 pulg.) con Anexos: 1. La libertad religiosa en las leyes internacionales, 2. La libertad religiosa en las leyes mexicanas, 3. Iniciativas y dictámenes en materia de laicidad y libertad religiosa en la cámara de diputados (2000-2010). Defectuoso.
650 7 _2armarc
_aIglesia y Estado
_xHistoria
650 7 _2armarc
_aLibertad religiosa
_zMéxico
_xHistoria
650 7 _2armarc
_aIglesia y Estado en México
942 _2ddc
_cLI
_h322.1
_iM53
999 _c24635
_d24635